00465 2200193 4500001002100000005001500021035002000036008004100056245004100097100001200138250000600150260004400156300001100200084001400211082000800225650001400233990001200247990001200259INLIS00000000000009620240502103946 a0010-0424000072240502 0 ind 1 aBijak Menggunakan Plastik /cSupardi aSupardi a1 aSolo :bPT. Wangsa Jatra Lestari,c2012 a60 hlm a600 SUP b a600 4aNon Fiksi a0732559 a0732560